| 000 | 00600nam a22002417a 4500 | ||
|---|---|---|---|
| 003 | UA-OsUOA | ||
| 001 | 103337 | ||
| 007 | ta | ||
| 008 | 20131029b un ||||| |||| 00| 0 ukr d | ||
| 100 | _aЛебон Г. | ||
| 090 |
_a141.82:159.9 _bЛ33 |
||
| 942 | _cBK | ||
| 040 |
_aUA-OsUOA _brus _cUA-OsUOA _dUA-OsUOA |
||
| 245 | _aПсихология социализма | ||
| 300 | _a544 с. | ||
| 955 | _a2 | ||
| 041 | _arus | ||
| 080 | _a141.82:159.9 | ||
| 020 | _a5-85186-039-1 | ||
| 260 |
_aСПб _bМакет _c1996 |
||
| 650 | 7 |
_a1 Філософські науки _2UDC |
|
| 999 |
_c308317 _d308317 |
||